|
|
|
|
| LEADER |
00000nab a2200000 a 4500 |
| 001 |
vtls000490543 |
| 003 |
SK-MaSNL |
| 005 |
20260304054101.0 |
| 008 |
230120c1993 xo 0 slo |
| 015 |
|
|
|a SNBRB19rr/mm-uuuuu
|
| 035 |
|
|
|a CL0490681
|
| 035 |
|
|
|a (urnnbn)urn:nbn:sk:snk:ar-0041q4
|
| 035 |
|
|
|a (uuid)45a7ab6a-2b62-4011-b0e3-f89a65763fd8
|
| 035 |
|
|
|a urn:nbn:sk:snk-ab7uxk
|
| 040 |
|
|
|a SNKBUCL
|b slo
|c SNKBUCL
|e AACR2
|
| 041 |
0 |
|
|a slo
|
| 044 |
|
|
|a xo
|c SK
|
| 080 |
|
|
|a 943.76"19":329.14(437)(091)
|2 1981
|
| 080 |
|
|
|a 329.14(437)(091)
|2 1981
|
| 100 |
1 |
|
|a Kázmerová, Ľubica,
|d 1955-1
|4 aut
|9 97640
|
| 245 |
1 |
0 |
|a Československá strana národnosocialistická na Slovensku v rokoch 1919-1929
|c Ľubica Kázmerová
|
| 300 |
|
|
|b Tab. 1, res. angl., nem., lit. 26 zázn. v češ., slov.
|
| 650 |
0 |
7 |
|a Československá národnosocialistická strana
|2 snkbucl
|9 1338808
|
| 651 |
|
7 |
|a Slovensko
|2 snkbucl
|
| 655 |
|
7 |
|a články z novín a časopisov
|2 snkbucl
|9 267496
|
| 773 |
0 |
|
|t Historický časopis
|g Roč. 41, č. 1 (1993), s. 50-59
|x 0018-2575
|
| 850 |
|
|
|a Slovenská národná knižnica v Martine
|a MTA001
|
| 852 |
|
|
|a SNK
|b KIS3GCP
|
| 954 |
|
|
|a odborná, vedecká literatúra pôvodná (slovenská)
|2 lita
|
| 958 |
|
|
|a OND
|
| 958 |
|
|
|a NB
|
| 958 |
|
|
|a RK
|
| 958 |
|
|
|a EUIPO
|
| 958 |
|
|
|a article9
|
| 992 |
|
|
|a RBX
|
| 999 |
|
|
|c 2717021
|d 2718951
|